| 000 | 01108nam a2200265 4500 | ||
|---|---|---|---|
| 001 | 47942 | ||
| 003 | ES-MaACL | ||
| 005 | 20250511132927.0 | ||
| 007 | t| | ||
| 008 | 931025s1896 sp acf |||| |cspa d | ||
| 080 | _a792(460)"17/18" | ||
| 080 | _a929 Ladvenant y Quirante, María | ||
| 080 | _a929 Tirana, La | ||
| 100 | 1 |
_aCotarelo y Mori, Emilio, _d1857-1936 _941168 |
|
| 245 | 1 | 0 |
_aEstudios sobre la historia del arte escénico en España / _cpor Emilio Cotarelo y Mori. |
| 260 |
_aMadrid : _b[s.n.], _c1896 ( _fEst. Tip. Sucesores de Rivadeneyra) |
||
| 300 |
_a2 v. ; _c19 cm. |
||
| 505 | 0 | _aI. María Ladvenant y Quirante, primera dama de los teatros de la corte (205 p.; 1 retr.) - II. María del Rosario Fernández, La Tirana, primera dama de los teatros de la corte (VIII, 287 p.; il.) | |
| 600 | 1 | 4 |
_aLadvenant y Quirante, María ( _d1741-1767) _9172516 |
| 600 | 1 | 4 |
_aFernández, María del Rosario, _d1755-1803 _9172517 |
| 650 | 4 |
_aTeatro- _zMadrid- _yS.XVIII. _9166599 |
|
| 650 | 4 |
_aTeatro- _zEspaña- _yS.XVIII. _917306 |
|
| 852 |
_aES-MaACL _jF-8777-78 |
||
| 999 |
_c47942 _d47942 |
||